| 000 | 00730nam a2200253Ia 4500 | ||
|---|---|---|---|
| 003 | OSt | ||
| 005 | 20221007064206.0 | ||
| 006 | a|||||r|||| 00| 0 | ||
| 007 | ta | ||
| 008 | 221006b |||||||| |||| 00| 0 eng d | ||
| 024 | _a27,039 | ||
| 037 | _cReports / Technical Reports | ||
| 040 |
_aFLL _cFLL _beng |
||
| 041 |
_2eng _aeng |
||
| 082 | _aZ73:94y7, H2 | ||
| 100 |
_aMorgan Edmund M. _9684274 |
||
| 245 | 0 | _aEvidence | |
| 250 | _a2nd | ||
| 260 |
_aChicago _bThe Foundation Press, Inc. _c1942 |
||
| 300 |
_axxii,1172p _ccm. |
||
| 700 |
_a Maguire John MacArthur _9685458 |
||
| 942 |
_hZ73:94y7, H2 _cREP _2CC |
||
| 999 |
_c1133222 _d1133222 |
||